El hecho humano: las bases culturales del desarrollo educativo

Bewaard in:
Bibliografische gegevens
Hoofdauteurs: Levine, Robert A (Auteur), White, Merry I (Auteur)
Formaat: Boek
Taal:Spaans
Gepubliceerd in: Madrid Visor 1987
Reeks:Aprendizaje, 37
Onderwerpen:
Tags: Voeg label toe
Geen labels, Wees de eerste die dit record labelt!

MARC

LEADER 00000nam a2200000 a 4500
001 UCO9571
003 CL-VaPUC
008 010302e19870000SP |||||||||||||||||spa|d
082 0 4 |a 370.19  |b LEV  |2 21 
100 |a Levine, Robert A  |e author  |9 454855 
700 0 |a White, Merry I  |e author  |9 454856 
245 1 3 |a El hecho humano: las bases culturales del desarrollo educativo 
300 |a 208 p 
942 |c BK 
945 |d 20010302 00:00:00  |a cmena 
260 |a Madrid  |b Visor  |c 1987 
650 0 |a Sociología de la educación   |9 260380 
650 0 |a Cambio social   |9 256857 
650 7 |a EDUCACION COMPARADA  |2 CL-VaPUC  |9 307694 
650 0 |a Planificación de la educación   |9 307333 
583 |a last modification  |c 20010302 00:00:00  |k Rodrigo Vera 
490 0 |a Aprendizaje, 37 
999 |c 293772  |d 293770 
952 |0 0  |1 0  |4 0  |6 370_190000000000000_LEV_1987  |7 0  |8 A  |9 345484  |a FDOPOS  |b FDOPOS  |d 2019-11-20  |i 3690873  |o 370.19 LEV 1987  |p 3690873  |r 2025-01-22  |w 2019-11-20  |y BK  |k MLA